000
00303nam a2200133Ia 4500
005
20251222140055.0
008
251222s1900||||xx |||||||||||||| ||spa||
020
_a
8474903009
082
_a
219.3/N49
100
_a
Newman, John Henry
245
0
_a
La Fe y la Razón
264
_b
Encuentro
942
_c
LIB
999
_c
3721
_d
3721